00426nam a2200181Ia 4500003000400000005001700004008004100021040000700062041000800069082001900077100002500096245004400121250000600165260002800171365001300199650001400212650001800226OSt20230527093202.0210423s1991 xx 000 0 und d cAL aeng a305.4 BUMM223 aBUMILLER (Elizabeth) aMay you be the mother of a hundred sons a4 bPenguin Books Ltdc1991 b250cINR aSociology aWomen Studies